Dancing with Strangers : Stories from America / (Record no. 4789)

MARC details
000 -LEADER
fixed length control field 01390nam a22003017a 4500
001 - CONTROL NUMBER
control field 4789
003 - CONTROL NUMBER IDENTIFIER
control field FISKH
005 - DATE AND TIME OF LATEST TRANSACTION
control field 20241016110939.0
008 - FIXED-LENGTH DATA ELEMENTS--GENERAL INFORMATION
fixed length control field 241014b cb ||||| |||| 00| 0 eng d
020 ## - INTERNATIONAL STANDARD BOOK NUMBER
International Standard Book Number 9780194791977
040 ## - CATALOGING SOURCE
Original cataloging agency FISKH
Language of cataloging eng
Transcribing agency FISKH
Modifying agency FISKH
050 ## - LIBRARY OF CONGRESS CALL NUMBER
Classification number PE1126.A4
082 ## - DEWEY DECIMAL CLASSIFICATION NUMBER
Classification number 428.6
100 ## - MAIN ENTRY--PERSONAL NAME
Personal name West, Clare
245 ## - TITLE STATEMENT
Title Dancing with Strangers : Stories from America /
Statement of responsibility, etc. Retold by Clare West
250 ## - EDITION STATEMENT
Edition statement First published in Oxford Bookworms 2008
260 ## - PUBLICATION, DISTRIBUTION, ETC.
Place of publication, distribution, etc. New York :
Name of publisher, distributor, etc. Oxford University Press ;
Date of publication, distribution, etc. 2004.
300 ## - PHYSICAL DESCRIPTION
Extent 71 pages :
Other physical details illustrations ;
Dimensions 21 cm .
490 ## - SERIES STATEMENT
Series statement Oxford Bookworms
Volume/sequential designation 3
505 ## - FORMATTED CONTENTS NOTE
Formatted contents note P <br/>
520 ## - SUMMARY, ETC.
Summary, etc. Sometimes I think this search is hopeless. So much has happened since I last saw my friends. Perhaps they have died or the rebels have taken them away. But I know I have to find Laker. I know she needs me.' In a country torn by war, it is easy to stop hoping. All Atita has is an old photograph. She does not even know if she will recognize Laker after all these years . . . Bookworms World Stories collect stories written in English from around the world. This volume has stories byAfrican writers Jackee Budesta Batanda, Jack Cope,
521 8# - TARGET AUDIENCE NOTE
Target audience note 650 <br/>
Source Lexile <br/>
521 8# - TARGET AUDIENCE NOTE
Target audience note P <br/>
Source Raz-Plus <br/>
650 ## - SUBJECT ADDED ENTRY--TOPICAL TERM
Topical term or geographic name entry element mystery
Form subdivision fiction
700 ## - ADDED ENTRY--PERSONAL NAME
Personal name Bassett, Jennifer
Relator term Series Editor
942 ## - ADDED ENTRY ELEMENTS (KOHA)
Source of classification or shelving scheme Dewey Decimal Classification
Koha item type Books
Suppress in OPAC No
Holdings
Withdrawn status Lost status Source of classification or shelving scheme Damaged status Not for loan Collection Home library Current library Shelving location Date acquired Total Checkouts Full call number Barcode Date last seen Price effective from Koha item type
    Dewey Decimal Classification     Fiction Footprints International School Library Network Toul Kork Campus Footprints International School Library Network Toul Kork Campus TTP Primary Orange Bookshelves 10/14/2024   WES 428.6 PE1126.A4 FIS00271 10/14/2024 10/14/2024 Books